00338nam a22001217a 4500003000400000020001800004082001200022100001900034245008600053260004600139300000700185650002400192SGT a9789350353721 a340,NAR aNARAYANA, P.S. aCOMMENTARY ON THE PROTECTION OF CHILDERN FROM SEXUAL OFFENCES ACT, 2012 AND RULES aNEW DELHI bUNIVESAL LAW PUBIISHINGc2013 a48 aWOMEN AND CHILD LAW